000
00285nam a2200109Ia 4500
008
190914s9999||||xx |||||||||||||| ||und||
100
_a
James R.Richard
245
0
_a
Transnational Criminal Organizations Cybercrime
260
_a
london
_b
CRC Press
_c
1997
300
_a
652
942
_c
BK
999
_c
9023
_d
9023